| 000 | 00933nam a2200229 a 4500 | ||
|---|---|---|---|
| 001 | 47280 | ||
| 003 | BD-RjUL | ||
| 005 | 20211209054304.0 | ||
| 008 | 160807s1987 bg ||||| |||| 00| 0 ben d | ||
| 035 | _a(BD-RjUL)47399 | ||
| 040 |
_aBD-RjUL _bben _cBD-RjUL _dBD-RjUL |
||
| 041 | _aben | ||
| 082 |
_223 _a351 _bRAA 1987 |
||
| 100 | 1 |
_aরহমান, মোহাম্মদ শামসুর _9117248 |
|
| 245 | 1 | 0 |
_aআধুনিক লোক প্রশাসন : _bতাত্ত্বিক ও ব্যবহারিক / _cমোহাম্মদ শামসুর রহমান, |
| 260 |
_aঢাকা : _bবাংলা একাডেমী, _c১৯৮৭ |
||
| 300 |
_a৬৪০ পৃ. ; _c২১ সেমি. |
||
| 504 | _aগ্রন্থপঞ্জি সংযুক্ত | ||
| 650 |
_aলোকপ্রশাসন _9143790 |
||
| 650 |
_aPublic administration _9143791 |
||
| 942 |
_2ddc _cBK _01 |
||
| 999 |
_c47280 _d47280 |
||